Kelemen Lajos (1877-1963)
Elmentve itt :
| Szerző: | |
|---|---|
| Adatforrás: | Meister |
| Forrásdokumentuma: | Művelődés. - 9 sz., 1991, 12-17 p. |
| Nyelv: | magyar |
| Kulcsszavak: | művelődéstörténet historiográfia kulturális intézmények magyar történetkutatás (erdélyi) történelem magyar historiográfia Erdély Kolozsvár KELEMEN Lajos Erdélyi Múzeum-Egyesület (EME) Erdélyi Nemzeti Múzeum |
| LEADER | 00728nab a2200253 i 4500 | ||
|---|---|---|---|
| 001 | bibPRO00002868 | ||
| 008 | 060524s1991 xx hun | ||
| 040 | |a Sz1 | ||
| 041 | |a hun | ||
| 100 | 1 | |a JAKÓ Zsigmond | |
| 245 | 1 | 0 | |a Kelemen Lajos (1877-1963) |c JAKÓ Zsigmond |
| 695 | |a művelődéstörténet | ||
| 695 | |a historiográfia | ||
| 695 | |a kulturális intézmények | ||
| 695 | |a magyar történetkutatás (erdélyi) | ||
| 695 | |a történelem | ||
| 695 | |a magyar historiográfia | ||
| 695 | |a historiográfia | ||
| 695 | |a Erdély | ||
| 695 | |a Kolozsvár | ||
| 695 | |a KELEMEN Lajos | ||
| 695 | |a Erdélyi Múzeum-Egyesület (EME) | ||
| 695 | |a Erdélyi Nemzeti Múzeum | ||
| 773 | 0 | |t Művelődés. - |g 9 sz., 1991, 12-17 p. | |